000 00666cam a22002293a 4500
001 9369
003 PGUSA
005 20140828083211.0
008 051101s2005||||xxu|||||s|||||000 | eng d
040 _aPGUSA
_beng
042 _adc
050 4 _aPT
100 1 _aLessing, Gotthold Ephraim,
_d1729-1781
245 1 0 _aDer junge Gelehrte :
_bEin Lustspiel in drei Aufzügen
_h[electronic resource] /
_cGotthold Ephraim Lessing
260 _bProject Gutenberg,
_c2005
506 _aPublic domain in the USA.
516 _aElectronic text
653 _aComedies
830 0 _aProject Gutenberg
_v9369
856 4 0 _uhttp://www.gutenberg.org/ebooks/9369
942 _cEB
999 _c238625
_d238625